Perfiles presupuestarios del sistema universitario argentino (Registro nro. 22859)
[ vista simple ]
| 000 -LEADER | |
|---|---|
| fixed length control field | 00480 a2200157 4500 |
| 001 - CONTROL NUMBER | |
| control field | ART_23604 |
| 005 - DATE AND TIME OF LATEST TRANSACTION | |
| control field | 20260410161827.0 |
| 008 - FIXED-LENGTH DATA ELEMENTS--GENERAL INFORMATION | |
| fixed length control field | 260409a |
| 100 1# - MAIN ENTRY--PERSONAL NAME | |
| Personal name | Mallo, Paulino E. |
| 245 10 - TITLE STATEMENT | |
| Title | Perfiles presupuestarios del sistema universitario argentino |
| 700 1# - ADDED ENTRY--PERSONAL NAME | |
| Personal name | Artola, María A. |
| 700 1# - ADDED ENTRY--PERSONAL NAME | |
| Personal name | Zanfrillo, Alicia I. |
| 700 1# - ADDED ENTRY--PERSONAL NAME | |
| Personal name | Morettini, Mariano |
| 700 1# - ADDED ENTRY--PERSONAL NAME | |
| Personal name | Hammond, Fernando |
| 773 0# - HOST ITEM ENTRY | |
| Title | FACES |
| Related parts | - Año 18, Nº 38/39 (ene./dic. 2012) |
| Record control number | REV5046 |
No hay ítems disponibles.